| 000 | 01148nam a22002177a 4500 | ||
|---|---|---|---|
| 999 |
_c59059 _d59059 |
||
| 003 | Ge_BSU | ||
| 005 | 20221115123459.0 | ||
| 008 | 221115s2003 ge ||||| |||| 00| 0 geo d | ||
| 020 | _a9994016393 | ||
| 041 | _ageo | ||
| 080 | _a341.4 თ-77 | ||
| 100 |
_aთოფურიძე, ნოდარ _915830 |
||
| 245 |
_aსაერთაშორისო სისხლის სამართალი : _bთეორია და პრაქტიკა / _cნოდარ თოფურიძე, ზვიად ცაგარეიშვილი ; [რედ.: ანა ჭაბაშვილი, მალხაზ კობიაშვილი]. |
||
| 250 | _a[1-ლი გამოც.]. | ||
| 264 |
_aთბილისი : _b[დიოგენე], _c2003. |
||
| 300 |
_a164 გვ. ; _b20 სმ. |
||
| 504 | _aბიბლიოგრ. ტექსტ. შენიშვნ. და გვ. 164. | ||
| 653 | _aსაერთაშორისო სისხლის სამართალი | ||
| 700 |
_aცაგარეიშვილი, ზვიად _eავტორი _915831 |
||
| 942 |
_2udc _cBK |
||